|
|
|
|
| LEADER |
00000nam a2200000 a 4500 |
| 005 |
20130111122336.0 |
| 007 |
cr ||||||||||| |
| 008 |
121211s2012 sp |||| s|||||0|| 0 spa|c |
| 020 |
|
|
|a 9788473512985
|
| 035 |
|
|
|a 6989
|
| 040 |
|
|
|d vLex
|
| 080 |
|
|
|a 330.81
|
| 090 |
|
|
|c 3501
|d 3501
|
| 100 |
1 |
|
|a Baena del ℓlcazar, Mariano
|
| 245 |
1 |
0 |
|a Origen y consolidacin̤ de la administracin̤ liberal espaǫla (1838-1900)
|h [Recurso electrn̤ico] :
|b los r̤ganos centrales /
|c Mariano Baena del Alcz̀ar
|
| 256 |
|
|
|a Servicio en ln̕ea
|
| 260 |
|
|
|a [Madrid] :
|b INAP,
|c 2012
|
| 300 |
|
|
|a 1 recurso electrn̤ico
|
| 504 |
|
|
|a Referencias bibliogrf̀icas. Índice
|
| 506 |
|
|
|a Documento solo disponible en los productos indicados
|d vLex Global
|d vLex Global (Academic Edition, excluding Law Schools)
|d vLex Global (U.S. Academic Edition, Law Schools)
|d vLex Global (U.S. Academic Edition, excluding Law Schools)
|d vLex Global (Academic Edition, Law Schools)
|
| 650 |
0 |
4 |
|a Liberalismo
|
| 650 |
0 |
4 |
|a Administracin̤ pb︢lica
|z Espaą
|y S. XIX
|
| 740 |
0 |
|
|a vLex Libros (Servicio en ln̕ea)
|
| 856 |
4 |
0 |
|z Acceso restringido
|u http://vlex.com/source/origen-consolidacion-administracion-liberal-espa-ola-1838-1900-organos-centrales-6989
|
| 942 |
|
|
|c BOOK
|
| 999 |
0 |
|
|a Liberalism
|
| 999 |
0 |
|
|a Public administration
|